| 000 | 01304cam a2200289 a 4500 | ||
|---|---|---|---|
| 001 | 000011280 | ||
| 003 | UkOxU | ||
| 005 | 20200929162416.0 | ||
| 008 | 790416s1973 ve a b 000 0 spa d | ||
| 035 | _aOCLC ocm04862344 from D970109M | ||
| 040 |
_aDO-SdBNP _cIXA _dEQO _dBNPHU |
||
| 082 |
_a615.88287 _bS939e |
||
| 100 | 1 |
_aSuárez, María Matilde, _d1940- _926865 |
|
| 245 | 1 | 0 |
_aEnfermedades populares y migraciones en los Andes / _cMaría Matilde Suárez, Mario Di Polo. |
| 260 |
_aCaracas : _bMonte Avila Editores, _c1973. |
||
| 300 |
_a60 p. : _bil. ; _c16 cm. |
||
| 490 | 1 |
_aCientífica _v57 |
|
| 500 | _a"Ponencias presentadas en el XXIII Congreso Internacional de Sociología, realizado en Caracas en noviembre de 1972." | ||
| 504 | _aIncluye bibliografía. | ||
| 505 | 0 | _aSuárez, M. M. El hambre y las nociones de calor-frío en las categorías de la medicina popular en un municipio de los Andes.--Suárez, M. M. and Di Polo, M. Patrones espaciales y actitudes migratorias; el caso de El Morro en los Andes venezolanos. | |
| 650 | 4 |
_aMedicina folclórica _zVenezuela _926866 |
|
| 650 | 4 |
_aMigracion rural _xUrbana _zVenezuela _zEl Morro _926867 |
|
| 700 | 1 |
_aDi Polo, Mario, _d1940- _926868 |
|
| 830 | 0 |
_aCientífica ; _v57 _925797 |
|
| 910 | _aCatalogación por copia / LC | ||
| 049 | _aBNGR | ||
| 999 |
_c10997 _d10997 |
||